000 00541nam a2200169 i 4500
001 94296
003 ES-MaACL
005 20250907063056.0
007 t|
008 050427s1933 sp ||||1| spa d
100 1 _aLópez Tomás, José,
_dn. 1860
_974000
245 1 0 _aLázaro, ven fuera
_b: drama en tres actos /
_coriginal de José López Tomás.
260 _aValencia :
_b[s.n.],
_c1933 (
_fTip. Pascual Quiles)
300 _a66 p. ;
_c21 cm.
852 _aES-MaACL
_j1775-F-5
_z.- Ded. ms. del autor
999 _c94296
_d94296